000 00331nam a2200121Ia 4500
008 240731s9999 xx 000 0 und d
022 _a2472-5587
245 0 _aIISE Transactions on Healthcare Systems Engineering
260 _bTaylor & Francis
856 _uhttps://www.tandfonline.com/loi/uhse21
942 _2ddc
942 _cTFEJ
999 _c76913
_d76913
945 _a1
_bMadushi Gamage
_c1
_dMadushi Gamage